000 00408nam a2200193Ia 4500
001 11594
003 GE_BSU
008 181216s||||||||xx |||||||||||||| ||und||
040 _cGE_BSU
080 _a821.111-32
100 _aBagley,Desmond.
245 _aWindfall.
260 _aLondon
260 _bBook club associates.
260 _c1982.
300 _a320p;22cm.
653 _aWindfall.
942 _cBK
999 _c44789
_d44789